Minecraft Creepypastas - Statistics

General Stats
  • This quiz has been taken 49 times
  • The average score is 13 of 44
Answer Stats
Picture Answer % Correct
Herobrine
100%
Entity 303
81%
Slenderman
81%
Null
74%
Giant Alex
52%
The Blood Moon
48%
Enderbrine
44%
Green Steve
44%
Blood Warden
41%
Smiling Creeper
41%
Error 422
37%
The White Enderman
37%
Blue Steve
33%
Distorted Alex
33%
Entity 404
33%
Entity 505
33%
The Red Sun
33%
Blood Villager
26%
Entity Zero
26%
Giant Steve
26%
Jukebox Head
26%
That Thing
26%
The Lunar Moon
26%
Billy
22%
Blood Golem
22%
Vill R
22%
Netherbrine
19%
Anti-Null
15%
Bobby 1545
15%
Lapis Lady
15%
One Red Eye
15%
The Black Entity
15%
The Farlands Man
15%
The Snatcher
15%
The White Eyed Warden
15%
Twisted Steve
15%
Corrupt Steve
11%
D Villager
11%
Entity Red_Black
11%
The Caretaker
11%
The Giant Paradox
11%
The Soul Harvester
11%
The White Entity
11%
Void Eyes
11%
No matching quizzes found
Score Distribution
Percent of People with Each Score
Percentile by Number Answered
Your Score History
You have not taken this quiz